| 000 | 00569nam a2200193Ia 4500 | ||
|---|---|---|---|
| 005 | 20250423100315.0 | ||
| 008 | 250422s9999 xx 000 0 und d | ||
| 020 | _a9781119168416 | ||
| 050 | _aRC 341 .B37/ | ||
| 100 | _aBarker, Roger A. | ||
| 245 | 0 | _aNeuroanatomy and neuroscience at a glance | |
| 250 | _a5th ed. | ||
| 260 | _aHoboken, NJ | ||
| 260 | _bJohn Wiley & Sons Ltd. | ||
| 260 | _c2018 | ||
| 300 | _a168 p | ||
| 650 | _a Nervous System Physiological Phenomena Nervous System--anatomy & histology Nervous System Diseases | ||
| 942 | _cBK | ||
| 999 |
_c32907 _d32907 |
||